000 cam a22 a 4500
999 _c2609
_d2609
003 AKMAL
005 20170517120549.0
008 17 s19842015my g o000 0 may d
020 _a64029140101
_cRM 3.50
082 _a499.5 ASM
_223
090 0 0 _a499.5
_bASM
100 0 _aAsmah Haji Omar,
_cDato',
_d1940-
_eauthor.
_9924
245 1 0 _aBAHASA IKLAN PERNIAGAAN :
_bSATU KAJIAN BAHASA RETORIK /
_cASMAH BINTI HAJI OMAR
264 1 _aKuala Lumpur :
_bDewan Bahasa dan Pustaka
_c1984
264 4 _c©2015
300 0 0 _aix, 59 pages :
_c25 cm.
490 1 _aSIRI PEDOMAN BAHASA
650 1 0 _aMalay language
_xSemantics
_95440
650 2 0 _aMalay language
_xRhetoric
_95441
830 0 _aSiri pedoman bahasa
_95442
942 _2ddc
_cBOOK